[Event "GER HS-225 email"]
[Site "GER email"]
[Date "2017.05.31"]
[Round "?"]
[White "Friedrich, Gerhard"]
[Black "Zepf, Udo"]
[Result "1/2-1/2"]
[WhiteElo "1890"]
[BlackElo "1797"]
[PlyCount "92"]
[EventDate "2017.06.06"]
[EventType "tourn (corr)"]
[EventRounds "6"]
[EventCountry "GER"]
[SourceTitle "Corr 2020"]
[Source "ChessBase"]
[SourceDate "2019.09.30"]
[SourceVersion "1"]
[SourceVersionDate "2019.09.30"]
[SourceQuality "1"]

1. d4 Nf6 2. Nf3 g6 3. e3 Bg7 4. c4 0-0 5. Be2 c5 6. d5 d6 7. 0-0 e6 8. Nc3 exd5 9. cxd5 Re8 10. Nd2 Na6 11. e4 Rb8 12. Re1 Nc7 13. a4 a6 14. a5 Bd7 15. f3 Bb5 16. Nc4 Bxc4 17. Bxc4 b5 18. axb6 Rxb6 19. Ra2 Nd7 20. Bd2 Rb4 21. b3 Ne5 22. Ne2 Rb7 23. Rf1 Nxc4 24. bxc4 Qe7 25. Re1 Reb8 26. Kh1 h5 27. Qc2 Rb2 28. Rxb2 Rxb2 29. Qc1 Rb3 30. Nc3 Qe5 31. f4 Qd4 32. e5 dxe5 33. Ne4 f5 34. Ng5 e4 35. Be3 Qd3 36. Bxc5 a5 37. d6 Na6 38. Rd1 Rc3 39. Qa1 Ra3 40. Qxa3 Qxd1+ 41. Bg1 Bd4 42. Nh3 a4 43. c5 Nxc5 44. Qb4 a3 45. Qxd4 Qxd4 46. Bxd4 a2 1/2-1/2

[Event "GER HS-221 email"]
[Site "GER email"]
[Date "2017.03.13"]
[Round "?"]
[White "Windecker, Andreas"]
[Black "Zepf, Udo"]
[Result "1/2-1/2"]
[WhiteElo "2107"]
[BlackElo "1850"]
[PlyCount "75"]
[EventDate "2017.03.17"]
[EventType "tourn (corr)"]
[EventRounds "6"]
[EventCountry "GER"]
[SourceTitle "Corr 2022"]
[Source "ChessBase"]
[SourceDate "2021.10.24"]
[SourceVersion "1"]
[SourceVersionDate "2021.10.24"]
[SourceQuality "1"]

1. c4 e5 2. Nc3 Nf6 3. g3 d5 4. cxd5 Nxd5 5. Bg2 Nb6 6. d3 Be7 7. Be3 0-0 8. Rc1 Re8 9. a3 Bf8 10. Qc2 h6 11. Nf3 Nc6 12. Ne4 Nd5 13. 0-0 a6 14. b4 Rb8 15. Nc5 a5 16. b5 Na7 17. Qb3 c6 18. bxc6 Nxc6 19. Ng5 Nce7 20. Nxf7 Kxf7 21. d4 exd4 22. Bxd4 b6 23. Be5 bxc5 24. Bxb8 Be6 25. Ba7 Nf6 26. Qb5 c4 27. Rfd1 Qc7 28. Bb6 Rb8 29. Rb1 Qc8 30. Qxa5 Nc6 31. Qa4 Ne5 32. Bd4 Ned7 33. Rxb8 Qxb8 34. Qa5 Qb3 35. Ra1 Qc2 36. Qc3 Qa4 37. e3 Be7 38. Bf3 1/2-1/2

[Event "GER HS-221 email"]
[Site "GER email"]
[Date "2017.03.13"]
[Round "?"]
[White "Zepf, Udo"]
[Black "Hild, Harald"]
[Result "0-1"]
[WhiteElo "1850"]
[BlackElo "1990"]
[PlyCount "72"]
[EventDate "2017.03.17"]
[EventType "tourn (corr)"]
[EventRounds "6"]
[EventCountry "GER"]
[SourceTitle "Corr 2022"]
[Source "ChessBase"]
[SourceDate "2021.10.24"]
[SourceVersion "1"]
[SourceVersionDate "2021.10.24"]
[SourceQuality "1"]

1. d4 Nf6 2. c4 e6 3. Nc3 Bb4 4. Qc2 0-0 5. a3 Bxc3+ 6. Qxc3 b6 7. Bg5 Bb7 8. f3 h6 9. Bh4 d6 10. e4 c5 11. d5 Nbd7 12. dxe6 fxe6 13. 0-0-0 Ne5 14. Bg3 Qc7 15. Ne2 Rad8 16. Nf4 Qf7 17. Ne2 Rd7 18. h3 Rfd8 19. Kb1 Nc6 20. Qc2 a6 21. Rg1 b5 22. Qc1 b4 23. axb4 Nxb4 24. Bh4 Rb8 25. Qe3 e5 26. Ng3 Bc8 27. Nf5 Ne8 28. g4 Rdb7 29. Rg2 Bxf5 30. gxf5 Qd7 31. Qa3 Nc6 32. Rd3 Nd4 33. Be1 Nf6 34. Bc3 Nh5 35. Re3 Nf4 36. Rf2 a5 0-1

[Event "GER HS-221 email"]
[Site "GER email"]
[Date "2017.03.13"]
[Round "?"]
[White "Zepf, Udo"]
[Black "Zimmermann, Falk"]
[Result "1/2-1/2"]
[WhiteElo "1850"]
[BlackElo "1981"]
[PlyCount "160"]
[EventDate "2017.03.17"]
[EventType "tourn (corr)"]
[EventRounds "6"]
[EventCountry "GER"]
[SourceTitle "Corr 2022"]
[Source "ChessBase"]
[SourceDate "2021.10.24"]
[SourceVersion "1"]
[SourceVersionDate "2021.10.24"]
[SourceQuality "1"]

1. d4 d5 2. c4 c6 3. Nf3 Nf6 4. Nc3 e6 5. Bg5 h6 6. Bh4 Be7 7. e3 Nbd7 8. Bd3 0-0 9. Rc1 dxc4 10. Bxc4 b5 11. Bd3 a6 12. a4 Bb7 13. 0-0 b4 14. Bxf6 Nxf6 15. Ne4 Nd7 16. Bb1 Rc8 17. Qd3 g6 18. h4 Qa5 19. b3 Rfd8 20. Rc4 Qd5 21. Ng3 c5 22. e4 Qd6 23. e5 Qb8 24. h5 Nf8 25. hxg6 fxg6 26. Ne4 cxd4 27. Rxd4 Rd5 28. Qe3 g5 29. Rc4 Rxc4 30. bxc4 Rd8 31. c5 Bxe4 32. Bxe4 b3 33. Nh2 Qb4 34. c6 Qxa4 35. Ng4 b2 36. Kh2 Qb4 37. Rb1 Kg7 38. Qe2 Rd2 39. Qf3 Rd8 40. Nf6 Qd4 41. g3 Qxe5 42. Nh5+ Kg8 43. Qe2 Qb5 44. Qc2 g4 45. Nf4 Bf6 46. Nd3 Bd4 47. Nxb2 Qc5 48. Qxc5 Bxc5 49. Nc4 Kg7 50. Kg2 Kf6 51. Re1 Ke7 52. Ne5 Ra8 53. Ra1 Bd6 54. Nxg4 a5 55. Nxh6 a4 56. c7 Rc8 57. Rxa4 Nd7 58. Bb1 Nc5 59. Ra2 Bxc7 60. Rc2 Bd6 61. Re2 Kf8 62. Ng4 Kf7 63. Ne3 Rg8 64. Nc4 Bc7 65. Re1 Nd7 66. Ba2 Rb8 67. Re2 Nc5 68. f4 Ra8 69. Kf3 Kf6 70. Rh2 Ra4 71. Rc2 Nd3 72. Bb3 Ra1 73. Rc3 Nxf4 74. gxf4 Rf1+ 75. Ke2 Rxf4 76. Rh3 Rg4 77. Nd2 Rg2+ 78. Kd3 Rh2 79. Ne4+ Ke7 80. Re3 Bf4 1/2-1/2